|
|
|
|
| LEADER |
00000nab a2200000 a 4500 |
| 001 |
vtls000080890 |
| 003 |
SK-MaSNL |
| 005 |
20260426035248.0 |
| 008 |
111103c1981 xo 0 slo |
| 015 |
|
|
|a SNBRB19rr/mm-uuuuu
|
| 035 |
|
|
|a CL0090991
|
| 040 |
|
|
|a SNKBUCL
|b slo
|c SNKBUCL
|e AACR2
|
| 041 |
0 |
|
|a slo
|
| 044 |
|
|
|a xo
|c SK
|
| 080 |
|
|
|a 78.08
|2 1981
|
| 100 |
1 |
|
|a Berger, Igor,
|d 1942-
|4 aut
|9 1637636
|
| 245 |
1 |
0 |
|a Eugen Suchoň: Pieseň o spoločnej vlasti
|b (miešaný zbor)
|c Igor Berger
|
| 300 |
|
|
|b Noty
|
| 600 |
1 |
7 |
|a Suchoň, Eugen,
|d 1908-1993
|t Pieseň o spoločnej vlasti
|2 snkbucl
|9 1014525
|
| 650 |
0 |
7 |
|a hudobné skladby
|2 snkbucl
|9 427653
|
| 650 |
0 |
7 |
|a zborový spev
|2 snkbucl
|9 3196
|
| 655 |
|
7 |
|a články z novín a časopisov
|2 snkbucl
|9 267496
|
| 773 |
0 |
|
|t Rytmus
|g Roč. 32, č. 2 (1981), s. 7
|
| 850 |
|
|
|a Slovenská národná knižnica v Martine
|a MTA001
|
| 852 |
|
|
|a SNK
|b KIS3GCP
|
| 958 |
|
|
|a RK
|
| 992 |
|
|
|a RBX
|
| 999 |
|
|
|c 1663052
|d 1664982
|